[Event "Wood Green Invitational"]
[Site "Stafford"]
[Date "2021.08.22"]
[Round "6.1"]
[White "Fodor, Tamas Jr"]
[Black "Derakhshani, Borna"]
[Result "1-0"]
[WhiteElo "2520"]
[BlackElo "2373"]
[PlyCount "75"]
[EventDate "2021.08.19"]
[EventType "tourn"]
[EventRounds "9"]
[EventCountry "ENG"]
[EventCategory "7"]

1. e4 {[%emt 0:00:04]} c6 {[%emt 0:04:01]} 2. Nc3 {[%emt 0:00:06]} d5 {[%emt 0:
00:05]} 3. Nf3 {[%emt 0:00:04]} dxe4 {[%emt 0:00:05]} 4. Nxe4 {[%emt 0:00:06]}
Nf6 {[%emt 0:00:03]} 5. Qe2 {[%emt 0:00:08]} Nxe4 {[%emt 0:00:19]} 6. Qxe4 {
[%emt 0:00:07]} Qa5 {[%emt 0:00:07]} 7. c3 {[%emt 0:03:48]} Bf5 {[%emt 0:03:54]
} 8. Qf4 {[%emt 0:04:19]} e6 {[%emt 0:01:38]} 9. d4 {[%emt 0:08:12]} Qd5 {
[%emt 0:03:47]} 10. Qc7 {[%emt 0:03:08]} Qd7 {[%emt 0:00:05]} 11. Qg3 {[%emt 0:
02:03]} Bg6 {[%emt 0:03:26]} 12. Bf4 {[%emt 0:01:53]} Qd8 {[%emt 0:02:47]} 13.
h4 {[%emt 0:04:21]} Nd7 {[%emt 0:04:15]} 14. h5 {[%emt 0:02:19]} Bf5 {[%emt 0:
00:13]} 15. Nh4 {[%emt 0:02:31]} Be4 {[%emt 0:03:39]} 16. f3 {[%emt 0:06:55]}
Bd5 {[%emt 0:02:49]} 17. c4 {[%emt 0:05:48]} e5 {[%emt 0:00:40]} 18. Bd2 {
[%emt 0:17:50]} Be6 {[%emt 0:01:59]} 19. dxe5 {[%emt 0:00:07]} Qb6 {[%emt 0:04:
45]} 20. O-O-O {[%emt 0:00:09]} Nc5 {[%emt 0:11:57]} 21. f4 {[%emt 0:02:35]}
Ne4 {[%emt 0:06:38]} 22. Qf3 {[%emt 0:00:10]} Nf2 {[%emt 0:00:49]} 23. Be3 {
[%emt 0:00:55]} Bc5 {[%emt 0:00:03]} 24. Bxf2 {[%emt 0:00:42]} Bxf2 {[%emt 0:
00:04]} 25. f5 {[%emt 0:00:27]} Qe3+ {[%emt 0:00:05]} 26. Rd2 {[%emt 0:08:02]}
Qe1+ {[%emt 0:01:49]} 27. Kc2 {[%emt 0:01:14]} Bxh4 {[%emt 0:00:20]} 28. fxe6 {
[%emt 0:00:48]} O-O {[%emt 0:01:40]} 29. Qg4 {[%emt 0:04:05]} Rad8 {[%emt 0:10:
15]} 30. Rd7 {[%emt 0:03:00]} Rxd7 {[%emt 0:07:52]} 31. exd7 {[%emt 0:00:06]}
Bd8 {[%emt 0:00:11]} 32. Qe2 {[%emt 0:01:29]} Qxe2+ {[%emt 0:06:09]} 33. Bxe2 {
[%emt 0:00:36]} Bc7 {[%emt 0:00:05]} 34. Rh3 {[%emt 0:00:10]} Bxe5 {[%emt 0:05:
05]} 35. Rb3 {[%emt 0:00:10]} b6 {[%emt 0:00:22]} 36. Bf3 {[%emt 0:00:18]} c5 {
[%emt 0:00:15]} 37. Bd5 {[%emt 0:00:07]} Kh8 {[%emt 0:01:24]} 38. Bxf7 {
[%emt 0:00:20]} 1-0

[Event "Wood Green Invitational"]
[Site "Stafford"]
[Date "2021.08.22"]
[Round "6.2"]
[White "Turner, Matthew J"]
[Black "Haria, Ravi"]
[Result "1/2-1/2"]
[WhiteElo "2509"]
[BlackElo "2440"]
[PlyCount "26"]
[EventDate "2021.08.19"]
[EventType "tourn"]
[EventRounds "9"]
[EventCountry "ENG"]
[EventCategory "7"]

1. d4 {[%emt 0:00:08]} e6 {[%emt 0:00:16]} 2. Nf3 {[%emt 0:01:11]} Nf6 {
[%emt 0:00:06]} 3. Bf4 {[%emt 0:03:00]} d5 {[%emt 0:01:37]} 4. e3 {[%emt 0:01:
17]} Bd6 {[%emt 0:00:11]} 5. Bg3 {[%emt 0:01:10]} O-O {[%emt 0:01:03]} 6. Nbd2
{[%emt 0:00:38]} c5 {[%emt 0:00:31]} 7. c3 {[%emt 0:00:56]} Qc7 {[%emt 0:00:46]
} 8. Bd3 {[%emt 0:01:47]} Nbd7 {[%emt 0:00:57]} 9. Bxd6 {[%emt 0:02:03]} Qxd6 {
[%emt 0:00:16]} 10. O-O {[%emt 0:01:01]} e5 {[%emt 0:00:35]} 11. dxe5 {[%emt 0:
07:06]} Nxe5 {[%emt 0:00:08]} 12. Nxe5 {[%emt 0:00:21]} Qxe5 {[%emt 0:00:05]}
13. Re1 {[%emt 0:00:49]} Be6 {[%emt 0:13:31]} 1/2-1/2

[Event "Wood Green Invitational"]
[Site "Stafford"]
[Date "2021.08.22"]
[Round "6.3"]
[White "Greet, Andrew N"]
[Black "Fitzsimons, David"]
[Result "0-1"]
[WhiteElo "2417"]
[BlackElo "2324"]
[PlyCount "118"]
[EventDate "2021.08.19"]
[EventType "tourn"]
[EventRounds "9"]
[EventCountry "ENG"]
[EventCategory "7"]

1. e4 {[%emt 0:03:14]} c5 {[%emt 0:01:41]} 2. Nc3 {[%emt 0:00:13]} g6 {[%emt 0:
00:32]} 3. d4 {[%emt 0:00:31]} cxd4 {[%emt 0:00:20]} 4. Qxd4 {[%emt 0:00:06]}
Nf6 {[%emt 0:00:06]} 5. Be3 {[%emt 0:03:05]} Nc6 {[%emt 0:00:16]} 6. Qd2 {
[%emt 0:00:05]} Bg7 {[%emt 0:01:05]} 7. O-O-O {[%emt 0:00:34]} h5 {[%emt 0:03:
56]} 8. f3 {[%emt 0:11:42]} d6 {[%emt 0:01:10]} 9. Kb1 {[%emt 0:02:04]} Bd7 {
[%emt 0:06:28]} 10. Nh3 {[%emt 0:02:32]} Rc8 {[%emt 0:10:28]} 11. Nf4 {[%emt 0:
16:26]} Qa5 {[%emt 0:13:25]} 12. a3 {[%emt 0:01:25]} Ne5 {[%emt 0:07:34]} 13.
Ncd5 {[%emt 0:04:28]} Qxd2 {[%emt 0:01:14]} 14. Nxf6+ {[%emt 0:00:33]} Bxf6 {
[%emt 0:07:06]} 15. Rxd2 {[%emt 0:00:24]} Bg5 {[%emt 0:07:52]} 16. h4 {[%emt 0:
08:22]} Bh6 {[%emt 0:00:42]} 17. Be2 {[%emt 0:00:38]} Kf8 {[%emt 0:07:04]} 18.
g3 {[%emt 0:01:59]} a6 {[%emt 0:00:50]} 19. Bd4 {[%emt 0:04:38]} Bc6 {[%emt 0:
06:11]} 20. Rdd1 {[%emt 0:01:11]} Rg8 {[%emt 0:08:44]} 21. b3 {[%emt 0:05:55]}
e6 {[%emt 0:05:09]} 22. c4 {[%emt 0:07:16]} Nd7 {[%emt 0:02:56]} 23. Be3 {
[%emt 0:02:27]} Ke7 {[%emt 0:01:17]} 24. Rd2 {[%emt 0:00:27]} Bg7 {[%emt 0:00:
52]} 25. Nd3 {[%emt 0:05:02]} Rgd8 {[%emt 0:01:47]} 26. Rhd1 {[%emt 0:00:40]}
b6 {[%emt 0:01:29]} 27. Ka2 {[%emt 0:10:20]} Bb7 {[%emt 0:00:34]} 28. Bg5+ {
[%emt 0:01:53]} Bf6 {[%emt 0:00:28]} 29. Nb2 {[%emt 0:02:40]} Bxg5 {[%emt 0:00:
28]} 30. hxg5 {[%emt 0:00:02]} Rc6 {[%emt 0:00:43]} 31. f4 {[%emt 0:00:38]} e5
{[%emt 0:00:24]} 32. Na4 {[%emt 0:01:18]} Nc5 {[%emt 0:00:50]} 33. Nc3 {
[%emt 0:00:08]} Rcc8 {[%emt 0:00:11]} 34. Bf3 {[%emt 0:00:17]} Ne6 {[%emt 0:00:
40]} 35. Na4 {[%emt 0:01:57]} b5 {[%emt 0:00:44]} 36. Nb6 {[%emt 0:00:11]} Rb8
{[%emt 0:00:17]} 37. cxb5 {[%emt 0:02:45]} axb5 {[%emt 0:00:01]} 38. fxe5 {
[%emt 0:00:35]} dxe5 {[%emt 0:00:17]} 39. Nd7 {[%emt 0:00:05]} Rbc8 {[%emt 0:
01:46]} 40. Nxe5 {[%emt 0:00:05]} Rxd2+ {[%emt 0:00:31]} 41. Rxd2 Rc7 {[%emt 0:
00:11]} 42. Be2 {[%emt 0:01:23]} Nxg5 {[%emt 0:00:07]} 43. Kb2 {[%emt 0:00:40]}
Nxe4 {[%emt 0:00:09]} 44. Rd4 {[%emt 0:00:09]} Ke6 {[%emt 0:00:33]} 45. Nd3 {
[%emt 0:00:40]} Nxg3 {[%emt 0:00:16]} 46. Bd1 {[%emt 0:00:08]} Nf5 {[%emt 0:00:
11]} 47. Rd8 {[%emt 0:00:37]} Ke7 {[%emt 0:00:28]} 48. Rb8 {[%emt 0:00:36]} Ne3
{[%emt 0:00:37]} 49. Nf2 {[%emt 0:00:09]} Rd7 {[%emt 0:00:43]} 50. Kc1 {
[%emt 0:00:25]} Nxd1 {[%emt 0:00:20]} 51. Nxd1 {[%emt 0:00:02]} h4 {[%emt 0:00:
24]} 52. Nf2 {[%emt 0:00:28]} g5 {[%emt 0:00:29]} 53. Kc2 {[%emt 0:00:14]} f5 {
[%emt 0:00:30]} 54. Rh8 {[%emt 0:00:05]} Kf6 {[%emt 0:01:01]} 55. Kc3 {[%emt 0:
00:33]} Kg7 {[%emt 0:00:23]} 56. Re8 {[%emt 0:00:29]} g4 {[%emt 0:00:21]} 57.
Re5 {[%emt 0:00:07]} Kf6 {[%emt 0:00:23]} 58. Rxb5 {[%emt 0:00:11]} h3 {
[%emt 0:00:06]} 59. Rb6+ {[%emt 0:00:24]} Kg5 {[%emt 0:00:11]} 0-1

[Event "Wood Green Invitational"]
[Site "Stafford"]
[Date "2021.08.22"]
[Round "6.4"]
[White "Hebden, Mark L"]
[Black "Willow, Jonah B"]
[Result "1/2-1/2"]
[WhiteElo "2453"]
[BlackElo "2396"]
[PlyCount "80"]
[EventDate "2021.08.19"]
[EventType "tourn"]
[EventRounds "9"]
[EventCountry "ENG"]
[EventCategory "7"]

1. d4 {[%emt 0:00:19]} d5 {[%emt 0:00:08]} 2. c4 {[%emt 0:02:40]} dxc4 {
[%emt 0:00:31]} 3. Nf3 {[%emt 0:00:31]} Nf6 {[%emt 0:00:19]} 4. e3 {[%emt 0:00:
16]} e6 {[%emt 0:00:13]} 5. Bxc4 {[%emt 0:00:12]} a6 {[%emt 0:00:05]} 6. O-O {
[%emt 0:00:57]} c5 {[%emt 0:00:20]} 7. Bb3 {[%emt 0:00:24]} Nc6 {[%emt 0:00:19]
} 8. Qe2 {[%emt 0:01:06]} cxd4 {[%emt 0:03:28]} 9. Rd1 {[%emt 0:00:16]} Bd6 {
[%emt 0:05:10]} 10. exd4 {[%emt 0:02:54]} O-O {[%emt 0:01:17]} 11. Nc3 {
[%emt 0:35:11]} Na5 12. Bc2 {[%emt 0:01:10]} Be7 {[%emt 0:08:41]} 13. Bg5 {
[%emt 0:02:28]} g6 {[%emt 0:07:21]} 14. h4 {[%emt 0:01:41]} b5 {[%emt 0:01:40]}
15. d5 {[%emt 0:05:53]} exd5 {[%emt 0:02:06]} 16. Nxd5 {[%emt 0:00:48]} Nxd5 {
[%emt 0:00:11]} 17. Be4 {[%emt 0:00:06]} Ra7 {[%emt 0:08:35]} 18. Rxd5 {
[%emt 0:01:28]} Rd7 {[%emt 0:01:01]} 19. Rad1 {[%emt 0:03:31]} Bxg5 {[%emt 0:
01:16]} 20. Nxg5 {[%emt 0:00:46]} Qc7 {[%emt 0:03:17]} 21. Rxd7 {[%emt 0:13:17]
} Bxd7 {[%emt 0:00:02]} 22. h5 {[%emt 0:04:13]} Bc6 {[%emt 0:12:26]} 23. Bxc6 {
[%emt 0:05:04]} Nxc6 {[%emt 0:00:40]} 24. h6 {[%emt 0:00:27]} Qf4 {[%emt 0:01:
18]} 25. Qd2 {[%emt 0:01:17]} Qxd2 {[%emt 0:01:33]} 26. Rxd2 {[%emt 0:00:06]}
Ne5 {[%emt 0:02:05]} 27. f3 {[%emt 0:00:25]} Nc4 {[%emt 0:01:56]} 28. Re2 {
[%emt 0:01:43]} Nd6 {[%emt 0:00:16]} 29. Ne4 {[%emt 0:03:19]} Nxe4 {[%emt 0:01:
21]} 30. Rxe4 {[%emt 0:00:06]} Rc8 {[%emt 0:00:14]} 31. Rd4 {[%emt 0:00:30]}
Kf8 {[%emt 0:00:31]} 32. Rd6 {[%emt 0:00:07]} Rc2 {[%emt 0:01:26]} 33. Rd8+ {
[%emt 0:00:44]} Ke7 {[%emt 0:00:01]} 34. Rh8 {[%emt 0:00:07]} Kf6 {[%emt 0:00:
24]} 35. Rxh7 {[%emt 0:00:50]} Rc8 {[%emt 0:00:48]} 36. b4 {[%emt 0:00:52]} g5
{[%emt 0:00:31]} 37. Kh2 {[%emt 0:00:29]} Rf8 {[%emt 0:01:33]} 38. Rg7 {
[%emt 0:00:37]} Rh8 {[%emt 0:00:04]} 39. Kg3 {[%emt 0:00:12]} Rxh6 {[%emt 0:00:
05]} 40. Rg8 {[%emt 0:00:05]} Rh4 {[%emt 0:00:24]} 1/2-1/2

[Event "Wood Green Invitational"]
[Site "Stafford"]
[Date "2021.08.22"]
[Round "6.5"]
[White "Harvey, Marcus R"]
[Black "Blackburn, Jonathan LB"]
[Result "1-0"]
[WhiteElo "2440"]
[BlackElo "2235"]
[PlyCount "43"]
[EventDate "2021.08.19"]
[EventType "tourn"]
[EventRounds "9"]
[EventCountry "ENG"]
[EventCategory "7"]

1. d4 {[%emt 0:00:08]} Nf6 {[%emt 0:00:06]} 2. c4 {[%emt 0:00:11]} g6 {[%emt 0:
00:16]} 3. b3 {[%emt 0:03:20]} c5 {[%emt 0:08:55]} 4. dxc5 {[%emt 0:01:19]} Bg7
{[%emt 0:03:40]} 5. Bb2 {[%emt 0:00:50]} O-O {[%emt 0:02:47]} 6. Nf3 {[%emt 0:
02:02]} Na6 {[%emt 0:00:42]} 7. g3 {[%emt 0:01:43]} Qa5+ {[%emt 0:02:41]} 8.
Nbd2 {[%emt 0:05:14]} Qxc5 {[%emt 0:00:27]} 9. Bd4 {[%emt 0:00:07]} Qh5 {
[%emt 0:04:28]} 10. Bg2 {[%emt 0:02:44]} d6 {[%emt 0:00:14]} 11. h3 {[%emt 0:
00:47]} Nc7 {[%emt 0:13:35]} 12. Qc1 {[%emt 0:01:25]} Qa5 {[%emt 0:03:22]} 13.
Bc3 {[%emt 0:00:20]} Qb6 {[%emt 0:02:23]} 14. O-O {[%emt 0:02:56]} Bf5 {
[%emt 0:04:39]} 15. Qb2 {[%emt 0:02:29]} e5 {[%emt 0:01:41]} 16. Rac1 {[%emt 0:
01:01]} Be4 {[%emt 0:05:58]} 17. c5 {[%emt 0:01:07]} dxc5 {[%emt 0:01:37]} 18.
Bxe5 {[%emt 0:01:19]} Bxf3 {[%emt 0:02:39]} 19. Bxf3 {[%emt 0:01:11]} Nce8 {
[%emt 0:01:07]} 20. Nc4 {[%emt 0:00:41]} Qa6 {[%emt 0:00:25]} 21. Rfd1 {
[%emt 0:00:53]} Rc8 {[%emt 0:04:39]} 22. Nd6 {[%emt 0:01:00]} 1-0

[Event "Wood Green Invitational"]
[Site "Stafford"]
[Date "2021.08.22"]
[Round "7.1"]
[White "Blackburn, Jonathan LB"]
[Black "Fodor, Tamas Jr"]
[Result "0-1"]
[WhiteElo "2235"]
[BlackElo "2520"]
[PlyCount "118"]
[EventDate "2021.08.19"]
[EventType "tourn"]
[EventRounds "9"]
[EventCountry "ENG"]
[EventCategory "7"]

1. d4 {[%emt 0:00:02]} e6 {[%emt 0:00:16]} 2. c4 {[%emt 0:00:18]} b6 {[%emt 0:
00:10]} 3. e4 {[%emt 0:00:43]} Bb4+ {[%emt 0:00:31]} 4. Bd2 {[%emt 0:02:34]}
Bxd2+ {[%emt 0:00:36]} 5. Qxd2 {[%emt 0:02:15]} d6 {[%emt 0:00:52]} 6. Nc3 {
[%emt 0:02:23]} Ne7 {[%emt 0:00:24]} 7. f4 {[%emt 0:02:22]} Nd7 {[%emt 0:04:53]
} 8. Nf3 {[%emt 0:00:59]} Ng6 {[%emt 0:06:02]} 9. O-O-O {[%emt 0:04:58]} Bb7 {
[%emt 0:07:41]} 10. h4 {[%emt 0:06:28]} h5 {[%emt 0:01:44]} 11. Bd3 {[%emt 0:
09:44]} e5 {[%emt 0:01:23]} 12. dxe5 {[%emt 0:01:56]} dxe5 {[%emt 0:00:09]} 13.
f5 {[%emt 0:00:14]} Ngf8 {[%emt 0:03:30]} 14. Bc2 {[%emt 0:03:59]} f6 {[%emt 0:
03:41]} 15. Ba4 {[%emt 0:10:20]} c6 {[%emt 0:00:29]} 16. Qd6 {[%emt 0:01:43]}
Rc8 {[%emt 0:02:14]} 17. Qa3 {[%emt 0:09:53]} Qc7 {[%emt 0:05:15]} 18. Bc2 {
[%emt 0:05:33]} a5 {[%emt 0:06:28]} 19. Rhg1 {[%emt 0:03:11]} Nc5 {[%emt 0:07:
20]} 20. g4 {[%emt 0:02:10]} hxg4 {[%emt 0:00:06]} 21. Rxg4 {[%emt 0:00:10]}
Rh7 {[%emt 0:00:13]} 22. Na4 {[%emt 0:08:00]} Nfd7 {[%emt 0:02:34]} 23. Rdg1 {
[%emt 0:03:12]} Kf7 {[%emt 0:01:35]} 24. Nd2 {[%emt 0:01:34]} Rg8 {[%emt 0:01:
29]} 25. Qg3 {[%emt 0:01:32]} Nxa4 {[%emt 0:01:25]} 26. Bxa4 {[%emt 0:00:10]}
Nc5 {[%emt 0:00:19]} 27. Bc2 {[%emt 0:00:03]} Kf8 {[%emt 0:00:35]} 28. Nf3 {
[%emt 0:01:01]} Qe7 {[%emt 0:01:05]} 29. Qf2 {[%emt 0:01:24]} Bc8 {[%emt 0:00:
33]} 30. Qe3 {[%emt 0:03:30]} Bd7 {[%emt 0:00:20]} 31. Nd2 {[%emt 0:00:51]} Be8
{[%emt 0:00:28]} 32. b3 {[%emt 0:00:44]} Rgh8 {[%emt 0:01:43]} 33. Kb2 {
[%emt 0:01:32]} Rxh4 {[%emt 0:03:33]} 34. R4g3 {[%emt 0:04:20]} R8h7 {[%emt 0:
00:38]} 35. a3 {[%emt 0:00:19]} Nd7 {[%emt 0:01:02]} 36. Qc3 {[%emt 0:00:35]}
c5 {[%emt 0:01:16]} 37. Nf1 {[%emt 0:01:05]} Nb8 {[%emt 0:05:09]} 38. Ne3 {
[%emt 0:00:08]} Nc6 {[%emt 0:00:41]} 39. Nd5 {[%emt 0:00:08]} Qb7 {[%emt 0:00:
26]} 40. Rg4 {[%emt 0:03:07]} Rh3 {[%emt 0:02:46]} 41. R4g3 {[%emt 0:01:05]}
R3h6 {[%emt 0:00:37]} 42. Qd2 {[%emt 0:01:14]} Nd4 {[%emt 0:02:02]} 43. b4 {
[%emt 0:01:03]} Rh2 {[%emt 0:00:48]} 44. R1g2 {[%emt 0:00:24]} Rxg2 {[%emt 0:
01:24]} 45. Qxg2 {[%emt 0:00:03]} Bf7 {[%emt 0:01:21]} 46. Ne3 {[%emt 0:01:27]}
axb4 {[%emt 0:00:45]} 47. axb4 {[%emt 0:00:05]} cxb4 {[%emt 0:00:11]} 48. Qd2 {
[%emt 0:00:22]} Qe7 {[%emt 0:00:29]} 49. Qe1 {[%emt 0:02:28]} Qc5 {[%emt 0:00:
22]} 50. Qa1 {[%emt 0:00:08]} Qa5 {[%emt 0:00:27]} 51. Bd3 {[%emt 0:00:19]}
Rh2+ {[%emt 0:00:38]} 52. Rg2 {[%emt 0:00:02]} Rxg2+ {[%emt 0:00:32]} 53. Nxg2
{[%emt 0:00:01]} Qxa1+ {[%emt 0:00:30]} 54. Kxa1 {[%emt 0:00:03]} Nb3+ {
[%emt 0:00:31]} 55. Kb2 {[%emt 0:00:09]} Nc5 {[%emt 0:00:05]} 56. Ne1 {[%emt 0:
00:35]} Ke7 {[%emt 0:00:51]} 57. Kc2 {[%emt 0:00:12]} Kd6 {[%emt 0:00:26]} 58.
Ng2 {[%emt 0:00:14]} b3+ {[%emt 0:00:37]} 59. Kc3 {[%emt 0:00:05]} Nxd3 {
[%emt 0:00:08]} 0-1

[Event "Wood Green Invitational"]
[Site "Stafford"]
[Date "2021.08.22"]
[Round "7.2"]
[White "Willow, Jonah B"]
[Black "Harvey, Marcus R"]
[Result "1/2-1/2"]
[WhiteElo "2396"]
[BlackElo "2440"]
[PlyCount "149"]
[EventDate "2021.08.19"]
[EventType "tourn"]
[EventRounds "9"]
[EventCountry "ENG"]
[EventCategory "7"]

1. e4 {[%emt 0:00:01]} c6 {[%emt 0:00:44]} 2. d4 {[%emt 0:00:06]} d5 {[%emt 0:
00:05]} 3. Nc3 {[%emt 0:00:04]} dxe4 {[%emt 0:00:03]} 4. Nxe4 {[%emt 0:00:04]}
Nf6 {[%emt 0:00:03]} 5. Nxf6+ {[%emt 0:00:11]} exf6 {[%emt 0:00:01]} 6. c3 {
[%emt 0:00:14]} Bd6 {[%emt 0:00:03]} 7. Bd3 {[%emt 0:00:04]} O-O {[%emt 0:00:
05]} 8. Ne2 {[%emt 0:00:06]} Re8 {[%emt 0:00:07]} 9. O-O {[%emt 0:00:04]} Na6 {
[%emt 0:00:50]} 10. Bf4 {[%emt 0:00:44]} Nc7 {[%emt 0:01:23]} 11. Qd2 {[%emt 0:
00:19]} Bf8 {[%emt 0:00:06]} 12. Rfe1 {[%emt 0:02:58]} Nd5 {[%emt 0:02:15]} 13.
Bg3 {[%emt 0:01:03]} Ne7 {[%emt 0:01:56]} 14. Qc2 {[%emt 0:13:32]} g6 {[%emt 0:
00:32]} 15. Rad1 {[%emt 0:03:40]} Bf5 {[%emt 0:07:48]} 16. Bf4 {[%emt 0:07:08]}
Bxd3 {[%emt 0:03:50]} 17. Qxd3 {[%emt 0:00:36]} Nd5 {[%emt 0:01:45]} 18. Bd2 {
[%emt 0:01:25]} b5 {[%emt 0:00:52]} 19. Qf3 {[%emt 0:04:32]} Qd7 {[%emt 0:02:
59]} 20. b3 {[%emt 0:04:56]} a5 {[%emt 0:00:58]} 21. Nf4 {[%emt 0:06:11]} Rxe1+
{[%emt 0:09:55]} 22. Rxe1 {[%emt 0:01:37]} Ne7 {[%emt 0:01:04]} 23. Qe4 {
[%emt 0:12:54]} a4 {[%emt 0:07:33]} 24. h3 {[%emt 0:07:21]} axb3 {[%emt 0:06:
51]} 25. axb3 {[%emt 0:00:11]} f5 {[%emt 0:01:29]} 26. Qe5 {[%emt 0:12:13]} Ra2
{[%emt 0:00:39]} 27. Bc1 {[%emt 0:01:31]} Ra1 {[%emt 0:04:37]} 28. Bb2 {
[%emt 0:02:12]} Rxe1+ {[%emt 0:03:27]} 29. Qxe1 {[%emt 0:00:01]} Nd5 {[%emt 0:
02:46]} 30. Nd3 {[%emt 0:01:44]} Nb6 {[%emt 0:01:02]} 31. Bc1 {[%emt 0:09:18]}
f6 {[%emt 0:03:05]} 32. Be3 {[%emt 0:06:17]} Qe6 {[%emt 0:01:29]} 33. Qb1 {
[%emt 0:01:30]} Qe4 {[%emt 0:00:11]} 34. Qf1 {[%emt 0:01:11]} Nd5 {[%emt 0:02:
06]} 35. Bd2 {[%emt 0:00:15]} Nc7 {[%emt 0:01:21]} 36. f3 {[%emt 0:00:23]} Qd5
{[%emt 0:00:39]} 37. Qb1 {[%emt 0:00:37]} Ne6 {[%emt 0:08:50]} 38. Be3 {
[%emt 0:00:06]} g5 {[%emt 0:01:03]} 39. Qc2 {[%emt 0:00:49]} Kf7 {[%emt 0:08:
13]} 40. Bf2 {[%emt 0:00:27]} Bd6 {[%emt 0:01:00]} 41. Qa2 {[%emt 0:00:38]} Bc7
{[%emt 0:00:33]} 42. Nb4 {[%emt 0:01:12]} Qd6 {[%emt 0:00:07]} 43. g3 {[%emt 0:
00:24]} Nxd4 {[%emt 0:00:54]} 44. cxd4 {[%emt 0:00:48]} Qxb4 {[%emt 0:00:06]}
45. Qc2 Qd6 {[%emt 0:01:38]} 46. Qxf5 {[%emt 0:00:04]} Kg7 {[%emt 0:00:06]} 47.
h4 {[%emt 0:00:51]} gxh4 {[%emt 0:02:18]} 48. Qg4+ {[%emt 0:00:06]} Kh8 {
[%emt 0:00:49]} 49. Qxh4 {[%emt 0:00:05]} Qe6 {[%emt 0:00:10]} 50. Qe4 {
[%emt 0:00:23]} Qd7 {[%emt 0:06:52]} 51. Kg2 {[%emt 0:00:20]} Kg7 {[%emt 0:00:
49]} 52. Be3 {[%emt 0:00:31]} f5 {[%emt 0:00:20]} 53. Qh4 {[%emt 0:00:04]} Qe6
{[%emt 0:00:11]} 54. Qg5+ {[%emt 0:00:31]} Kf7 {[%emt 0:00:13]} 55. Qh5+ {
[%emt 0:01:32]} Kg7 {[%emt 0:00:34]} 56. Qg5+ {[%emt 0:00:52]} Kf7 {[%emt 0:00:
01]} 57. Qh5+ {[%emt 0:00:21]} Qg6 {[%emt 0:00:18]} 58. Qh4 {[%emt 0:00:26]}
Bd6 {[%emt 0:00:07]} 59. Bg5 {[%emt 0:00:41]} Ke6 {[%emt 0:00:28]} 60. Kf2 {
[%emt 0:00:48]} Kd7 {[%emt 0:00:38]} 61. f4 {[%emt 0:01:05]} h5 {[%emt 0:00:29]
} 62. Qh1 {[%emt 0:00:20]} Qf7 {[%emt 0:00:09]} 63. Qf3 {[%emt 0:00:20]} Kc7 {
[%emt 0:00:49]} 64. Kg2 {[%emt 0:00:24]} Kb6 {[%emt 0:00:39]} 65. Kh3 {[%emt 0:
00:18]} Qe8 {[%emt 0:01:12]} 66. Kh4 {[%emt 0:00:18]} Qe1 {[%emt 0:02:11]} 67.
Bd8+ {[%emt 0:00:26]} Kb7 {[%emt 0:00:37]} 68. Qxh5 {[%emt 0:00:47]} Bxf4 {
[%emt 0:00:31]} 69. Qxf5 {[%emt 0:00:30]} Qxg3+ {[%emt 0:00:42]} 70. Kh5 Qf3+ {
[%emt 0:01:09]} 71. Kg6 {[%emt 0:00:25]} Qd5 {[%emt 0:02:55]} 72. Qxd5 {
[%emt 0:01:28]} cxd5 {[%emt 0:00:05]} 73. Kf5 {[%emt 0:00:08]} Be3 {[%emt 0:00:
03]} 74. Ke6 {[%emt 0:00:09]} Kc6 {[%emt 0:00:05]} 75. Bf6 {[%emt 0:00:06]}
1/2-1/2

[Event "Wood Green Invitational"]
[Site "Stafford"]
[Date "2021.08.22"]
[Round "7.3"]
[White "Fitzsimons, David"]
[Black "Hebden, Mark L"]
[Result "0-1"]
[WhiteElo "2324"]
[BlackElo "2453"]
[PlyCount "94"]
[EventDate "2021.08.19"]
[EventType "tourn"]
[EventRounds "9"]
[EventCountry "ENG"]
[EventCategory "7"]

1. e4 {[%emt 0:01:24]} e5 {[%emt 0:00:13]} 2. Nf3 {[%emt 0:00:16]} Nc6 {
[%emt 0:00:07]} 3. Bb5 {[%emt 0:00:12]} a6 {[%emt 0:00:14]} 4. Ba4 {[%emt 0:00:
06]} Nf6 {[%emt 0:00:05]} 5. O-O {[%emt 0:00:08]} Be7 {[%emt 0:00:05]} 6. d3 {
[%emt 0:00:08]} b5 {[%emt 0:00:21]} 7. Bb3 {[%emt 0:00:08]} d6 {[%emt 0:00:25]}
8. a4 {[%emt 0:00:15]} Bd7 {[%emt 0:00:12]} 9. c3 {[%emt 0:00:35]} O-O {
[%emt 0:00:17]} 10. Bc2 {[%emt 0:00:22]} Re8 {[%emt 0:02:00]} 11. Re1 {[%emt 0:
00:17]} h6 {[%emt 0:02:47]} 12. Nbd2 {[%emt 0:00:14]} Bf8 {[%emt 0:00:19]} 13.
Nf1 {[%emt 0:00:24]} b4 {[%emt 0:01:55]} 14. a5 {[%emt 0:02:08]} Rb8 {[%emt 0:
03:48]} 15. Bd2 {[%emt 0:04:04]} bxc3 {[%emt 0:02:30]} 16. bxc3 {[%emt 0:01:08]
} Na7 {[%emt 0:01:54]} 17. h3 {[%emt 0:08:18]} c5 {[%emt 0:00:24]} 18. Ba4 {
[%emt 0:03:12]} d5 {[%emt 0:02:01]} 19. exd5 {[%emt 0:09:48]} Bxa4 {[%emt 0:00:
32]} 20. Qxa4 {[%emt 0:00:49]} Qxd5 {[%emt 0:00:12]} 21. d4 {[%emt 0:07:04]}
cxd4 {[%emt 0:03:49]} 22. cxd4 {[%emt 0:00:13]} e4 {[%emt 0:00:13]} 23. Ne5 {
[%emt 0:03:41]} Nb5 {[%emt 0:02:18]} 24. Be3 {[%emt 0:13:19]} Nxd4 {[%emt 0:05:
15]} 25. Ng4 {[%emt 0:07:32]} Nxg4 {[%emt 0:02:38]} 26. Bxd4 {[%emt 0:00:12]}
Ne5 {[%emt 0:01:25]} 27. Ba7 {[%emt 0:11:41]} Ra8 {[%emt 0:00:34]} 28. Bb6 {
[%emt 0:00:17]} Nd3 {[%emt 0:01:11]} 29. Rad1 {[%emt 0:01:26]} Re6 {[%emt 0:01:
43]} 30. Re2 {[%emt 0:02:03]} Rc8 {[%emt 0:04:31]} 31. Rc2 {[%emt 0:03:43]}
Rxc2 {[%emt 0:03:39]} 32. Qxc2 {[%emt 0:00:10]} Rc6 {[%emt 0:01:48]} 33. Ne3 {
[%emt 0:01:55]} Qe6 {[%emt 0:00:32]} 34. Qb1 {[%emt 0:02:30]} Bc5 {[%emt 0:03:
21]} 35. Bxc5 {[%emt 0:05:19]} Rxc5 {[%emt 0:00:25]} 36. Qb6 {[%emt 0:00:35]}
Rc6 {[%emt 0:07:59]} 37. Qd4 {[%emt 0:02:18]} Rd6 {[%emt 0:06:49]} 38. Qa7 {
[%emt 0:00:59]} Kh7 {[%emt 0:02:13]} 39. Qb8 {[%emt 0:02:52]} h5 {[%emt 0:04:
03]} 40. Rb1 {[%emt 0:02:21]} Qf6 {[%emt 0:00:53]} 41. Rf1 {[%emt 0:02:06]} Re6
{[%emt 0:02:53]} 42. Qb7 {[%emt 0:01:08]} Qg6 {[%emt 0:02:08]} 43. Rb1 {
[%emt 0:01:01]} Qf6 {[%emt 0:03:21]} 44. Rf1 {[%emt 0:00:18]} Qe7 {[%emt 0:10:
57]} 45. Qc8 {[%emt 0:01:28]} Qg5 {[%emt 0:00:59]} 46. Qc7 {[%emt 0:01:16]} Rf6
{[%emt 0:01:58]} 47. Qc3 {[%emt 0:02:04]} Rxf2 {[%emt 0:00:43]} 0-1